000 00323nam a22001337a 4500
008 170531b xxu||||| |||| 00| 0 eng d
020 _a9780807842164
041 _aeng
080 _a94
100 _a17
101 _ashh
245 _aFEUD HATFIELDS AND SOCIAL CHANGR IN APPALACHIA
_cWALKER.A.L
942 _2udc
_cBK
999 _c15136
_d15136